Cieľavedomá a koncepčná edícia Spoločnosť priateľov krásnych kníh 1977-1978

Bibliographic Details
Main Author: Plutko, Pavol, 1934-2015 (Author)
Format: Article
Language:Slovak
Subjects:

MARC

LEADER 00000nab a2200000 a 4500
001 vtls000030659
003 SK-MaSNL
005 20260305015755.0
008 111103c1979 xo 0 slo
015 |a SNBRB19rr/mm-uuuuu 
035 |a CL0040753 
040 |a SNKBUCL  |b slo  |c SNKBUCL  |e AACR2 
041 0 |a slo 
044 |a xo  |c SK 
080 |a 82:08:820/89 (100)  |2 1981 
080 |a 08  |2 1981 
080 |a 820/89 (100)  |2 1981 
100 1 |a Plutko, Pavol,  |d 1934-2015  |4 aut  |9 105423 
245 1 0 |a Cieľavedomá a koncepčná edícia  |b Spoločnosť priateľov krásnych kníh 1977-1978  |c Pavol Plutko 
610 2 7 |a Slovenský spisovateľ (vydavateľstvo)  |2 snkbucl  |9 154446 
650 0 7 |a vydavateľstvá slovenské  |2 snkbucl  |9 922208 
650 0 7 |a Spoločnosť priateľov krásnych kníh (edícia)  |2 snkbucl  |9 1594895 
655 7 |a články z novín a časopisov  |2 snkbucl  |9 267496 
655 7 |a články z odboru literárna veda a krásna literatúra  |2 snkbucl  |9 770045 
773 0 |t Pravda  |g Roč. 60, č. 96 (14. 4. 1979), s. 5 
850 |a Slovenská národná knižnica v Martine  |a MTA001 
852 |a SNK  |b KIS3GCP 
958 |a RK 
958 |a LX 
992 |a RBX 
999 |c 3276987  |d 3278917